Naturaleza multicolor / (Registro nro. 14119)
[ vista simple ]
| 000 -LIDER | |
|---|---|
| fixed length control field | 00784nam a22002537a 4500 |
| 003 - IDENTIFICACDOR DE NÚMERO DE CONTROL | |
| control field | DO-SdBPM |
| 005 - DATE AND TIME OF LATEST TRANSACTION | |
| control field | 20250210091005.0 |
| 008 - ELEMENTOS DE LONGITUD FIJA | |
| fixed length control field | 220328b2012 dr ||| 00| 0 spa d |
| 020 ## - ISBN | |
| International Standard Book Number | 9789945489095 |
| 040 ## - FUENTE DE CATALOGACIÓN | |
| Agencia que crea de manera original el registro | DO-SdBPM |
| Idioma de catalogación | spa |
| Agencia que realiza la transcripción | BPMSU |
| 082 #4 - NÚMERO DE CLASIFICACIÓN DECIMAL DE DEWEY | |
| Classification number | RD861.44 |
| Item number | G861n 2012 |
| Edition number | 22 |
| 100 1# - ASIENTO PRINCIPAL -- NOMBRE PERSONAL | |
| Nombre personal | Grimaldi, Silié Eleanor |
| Fechas asociadas con el nombre | 1948- |
| 245 10 - MENCIÓN DE TITULO | |
| Título | Naturaleza multicolor / |
| Mención de responsabilidad | Eleanor Grimaldi Silié |
| 246 14 - VARIACION DEL TÍTULO | |
| Título propiamente dicho o título corto | Haikus |
| 260 ## - PUBLICACIÓN, DISTRIBUCIÓN, ETC. (PIE DE IMPRENTA) | |
| Lugar de publicación, distribución, etc | Santo Domingo : |
| Nombre del editor, distribuidor, etc. | Santuario, |
| Fecha de publicación, distribución, etc | 2012 |
| 300 ## - DESCRIPCIÓN FÍSICA | |
| Extensión | 75 p ; |
| Dimensiones | 24 cm |
| 500 ## - NOTA GENERAL | |
| Nota general | Incluye datos biográficos de la autora en la solapa de la cubierta |
| 590 ## - NOTA LOCAL | |
| Texto de la nota local | Inventariado, 2025/VM |
| 650 4# - ENCABEZAMIENTO DE MATERIA--TEMÁTICO | |
| Término temático o nombre geográfico como elemento de entrada | Poesía dominicana |
| 650 4# - ENCABEZAMIENTO DE MATERIA--TEMÁTICO | |
| Término temático o nombre geográfico como elemento de entrada | Haikus dominicano |
| 650 4# - ENCABEZAMIENTO DE MATERIA--TEMÁTICO | |
| Término temático o nombre geográfico como elemento de entrada | Literatura dominicana |
| 910 ## - VALIDACIÓN | |
| Validación | VMateo V. Control de calidad. BPMSU |
| 942 ## - ADDED ENTRY ELEMENTS (KOHA) | |
| Source of classification or shelving scheme | Dewey Decimal Classification |
| Koha item type | Libros |
| Withdrawn status | Lost status | Source of classification or shelving scheme | Damaged status | Not for loan | Collection code | Home library | Current library | Date acquired | Source of acquisition | Total Checkouts | Full call number | Barcode | Date last seen | Price effective from | Koha item type | Copy number |
|---|---|---|---|---|---|---|---|---|---|---|---|---|---|---|---|---|
| Dewey Decimal Classification | Colección Dominicana | Biblioteca Pública Metropolitana Salomé Ureña | Biblioteca Pública Metropolitana Salomé Ureña | 03/28/2022 | Eleanor Grimaldi Silié | BPMSU CD RD861.44 G861n 2012 | BPMSU25020012 | 03/28/2022 | 03/28/2022 | Libros | ||||||
| Dewey Decimal Classification | Colección Dominicana | Biblioteca Pública Metropolitana Salomé Ureña | Biblioteca Pública Metropolitana Salomé Ureña | 03/28/2022 | Eleanor Grimaldi Silié | BPMSU CD RD861.44 G861n 2012 | BPMSU25020015 | 02/18/2025 | 03/28/2022 | Libros | e.2 |